| 000 | 00552 a2200181 4500 | ||
|---|---|---|---|
| 003 | OSt | ||
| 005 | 20240122103140.0 | ||
| 008 | 240122b |||||||| |||| 00| 0 eng d | ||
| 020 | _a9788182717800 | ||
| 040 | _coclc | ||
| 082 |
_a306 _bKAR/V |
||
| 100 |
_a Karakunnu, Sheikh Mohammed _91839 |
||
| 245 |
_aVaivahika Jeevitham Islamika Veekshanathil / _cShaikh Muhammed Karakunnu |
||
| 250 | _a21th ed. | ||
| 260 |
_aKozhikode: _bIslamic Publishing House, _c2023. |
||
| 300 | _a280p. | ||
| 942 |
_2ddc _cBK _h306 _iKAR/V _k306 _mKAR/V |
||
| 999 |
_c43281 _d43281 |
||